Nasadenie terminálového servera v študentských laboratóriach

Na minha lista:
Detalhes bibliográficos
Autor principal: Minarovský, Peter
Formato: Software Livro
Idioma:eslovaco
Publicado em: Bratislava STU FCHPT 2007
Acesso em linha:View in OPAC
Tags: Adicionar Tag
Sem tags, seja o primeiro a adicionar uma tag!

MARC

LEADER 00000nam a2200000 a 4500
005 20260127134112.0
007 co ugu
008 060607 2006 xo 000 0 slo d
035 |a vtls009151053 
039 9 |y 200710181223  |z mschk02 
040 |a STUSCHK1  |b slo  |c STUSCHK1  |e AACR2 
100 1 |a Minarovský, Peter 
245 1 |a Nasadenie terminálového servera v študentských laboratóriach  |c Peter Minarovský 
260 |a Bratislava  |b STU FCHPT  |c 2007 
300 |a 1 elektronický optický disk 
500 |a Obháj.: 23.8. 2007 
500 |a Špec.: Informatizácia a riadenie procesov 
500 |a Ústav informatizácie, automatizácie a matematiky 
500 |a diplomová práca na CD-ROMe 
910 |a SCHK95 
999 |c 4107  |d 4107